Vista normal
Vista MARC
Entrada Materia (corporativa)
Número de registros utilizados en: 1
001 - CONTROL NUMBER
- control field: 172087
003 - CONTROL NUMBER IDENTIFIER
- control field: Co-BoUCM
005 - DATE AND TIME OF LATEST TRANSACTION
- control field: 20211112084343.0
008 - FIXED-LENGTH DATA ELEMENTS
- fixed length control field: 211112|| aca||aabn | a|a d
040 ## - CATALOGING SOURCE
- Original cataloging agency: Co-BoUCM
- Transcribing agency: Co-BoUCM
110 ## - HEADING--CORPORATE NAME
- Corporate name or jurisdiction name as entry element: Santa Fe Institute (Santa Fe, N.M.)
670 ## - SOURCE DATA FOUND
- Source citation: Work cat.: (Co-BoUCM)93130: Evolutionary Paths of the Global Economy Workshop (1987 Sante Fe, N.M.) 172084, The economy as an evolving complex system the proceedings of the Evolutionary Paths of the Global Economy Workshop, held September, 1987 in Santa Fe, New Mexico, c1988